Constructeurs automobiles français par modèle - Statistiques

Statistiques générales
  • Ce quiz a été pris 130 fois
  • Le résultat moyen est 6 sur 24
Statistiques - réponses
modèle constructeur % Correct
1007 Peugeot
97%
Avantime Renault
87%
DS5 DS
67%
A610 Alpine
53%
Axel Citroën
53%
Tagora Talbot
29%
Type 46 Bugatti
27%
Ariane Simca
22%
JS7 Ligier
15%
24 CT Panhard & Levassor
15%
530 Matra
13%
HK500 Facel Vega
12%
135 MS Delahaye
11%
Bluecar Bolloré
10%
D8-120 Delage
10%
C25 Aérodyne Avions Voisin
8%
Comète Ford SAF
8%
Anjou Hotchkiss
8%
T26 Record Talbot-Lago
8%
Compound Amilcar
4%
TAV8-32 Bucciali
4%
Emy 8 Mathis
4%
Supertraction Rosengart
4%
Randonnée Salmson
3%
Aucun quiz correspondant
Distribution des résultats
% des personnes avec chaque résultat
Percentile par nombre de réponses
Votre historique - résultats
Vous n’avez pas pris ce quiz